| 000 | 00729nam a2200241 a 4500 | ||
|---|---|---|---|
| 999 |
_c1339 _d1339 |
||
| 005 | 20200514210704.0 | ||
| 008 | 200514b ||||| |||| 00| 0 spa d | ||
| 020 | _a9780827035928 | ||
| 040 |
_aCO-BoIAVH _cCO-BoIAVH |
||
| 041 | _aeng | ||
| 082 | _a333.72 | ||
| 090 |
_aLB _b01331 |
||
| 100 |
_aWorld Conservation Union _914656 |
||
| 110 |
_bOrganization of American States _9102923 |
||
| 245 | _aConservation of biodiversity and the new regional planning | ||
| 260 |
_aWashington _bOAS _bIUCN _c1995 |
||
| 300 |
_a150 p. _c23cm |
||
| 650 |
_aBiodiversidad _9102924 |
||
| 650 |
_aConservación de biodiversidad _9102925 |
||
| 700 |
_aSaunier, Richard E. _911139 |
||
| 700 |
_aMeganck, Richard A. _911144 |
||
| 942 |
_cLIBRO _2ddc |
||